Not Today - Twenty One Pilots Lyrics - Statistics

General Stats
  • This quiz has been taken 8 times
  • The average score is 302 of 344
Answer Stats
Lyrics % Correct
a
100%
a
100%
all
100%
all
100%
am
100%
And
100%
are
100%
are
100%
are
100%
are
100%
are
100%
because
100%
Because
100%
better
100%
better
100%
Better
100%
born
100%
But
100%
But
100%
But
100%
contradiction
100%
curtains
100%
don't
100%
down
100%
down
100%
feel
100%
feel
100%
get
100%
get
100%
Chorus Heard
100%
Verse 1 I
100%
I
100%
I
100%
I
100%
I
100%
I
100%
I
100%
I'm
100%
in
100%
in
100%
in
100%
is
100%
it,
100%
it
100%
it
100%
it
100%
it
100%
It's
100%
just
100%
know
100%
know
100%
Verse 2 Listen,
100%
look
100%
lyrics
100%
me
100%
me
100%
me
100%
mind,
100%
mind
100%
mind,
100%
mind
100%
my
100%
my
100%
my
100%
my
100%
my
100%
my
100%
"Not
100%
now
100%
of
100%
of
100%
of
100%
of
100%
of
100%
off
100%
off
100%
oh
100%
oh
100%
oh
100%
oh
100%
okay,
100%
open
100%
out
100%
out
100%
out
100%
out
100%
outside
100%
represents,
100%
right
100%
room
100%
same
100%
say,
100%
see
100%
seein'
100%
seein'
100%
side,
100%
side,
100%
so
100%
sounds
100%
Staying
100%
the
100%
the
100%
the
100%
this
100%
This
100%
this
100%
though
100%
time
100%
time
100%
to
100%
to
100%
to
100%
to
100%
to
100%
today,"
100%
was
100%
Who
100%
whole
100%
why
100%
Window's
100%
world
100%
Pre-Chorus You
100%
You
100%
You
100%
you
100%
Pre-Chorus You
100%
You
100%
You
100%
you
100%
you
100%
a
83%
a
83%
a
83%
a
83%
a
83%
a
83%
all
83%
all
83%
am
83%
are
83%
are
83%
aren't
83%
aren't
83%
because
83%
But
83%
But
83%
choice,"
83%
choice,"
83%
choice,"
83%
curtains
83%
curtains
83%
curtains
83%
curtains
83%
curtains
83%
don't
83%
down
83%
down
83%
down
83%
down
83%
down
83%
down
83%
get
83%
happy
83%
Heard
83%
Chorus Heard
83%
Heard
83%
Chorus Heard
83%
Heard
83%
how
83%
I
83%
I
83%
I
83%
I'm
83%
Pre-Chorus I'm,
83%
I'm
83%
I'm
83%
I'm,
83%
I'm
83%
Just
83%
make
83%
make
83%
make
83%
make
83%
make
83%
make
83%
me
83%
me
83%
mind,
83%
mind
83%
mind,
83%
mind
83%
my
83%
my
83%
my
83%
my
83%
my
83%
no
83%
no
83%
no
83%
No,
83%
no
83%
No,
83%
no,
83%
No,
83%
no,
83%
no
83%
noise
83%
noise
83%
noise
83%
not
83%
not
83%
"Not
83%
"Not
83%
Not
83%
not
83%
Not
83%
not
83%
not
83%
Not
83%
now,
83%
now
83%
now,
83%
now,
83%
now,
83%
now,
83%
of
83%
of
83%
of
83%
of
83%
Verse 3 Oh,
83%
oh
83%
oh
83%
oh
83%
oh
83%
oh
83%
oh
83%
Oh,
83%
Oh
83%
one's
83%
open
83%
open
83%
open
83%
open
83%
open
83%
out
83%
out
83%
out
83%
out
83%
right,
83%
say,
83%
say,
83%
seein'
83%
seein'
83%
side,
83%
sound
83%
sound
83%
sound
83%
the
83%
the
83%
the
83%
the
83%
the
83%
the
83%
"There's
83%
"There's
83%
"There's
83%
things
83%
this
83%
this
83%
though
83%
time
83%
time
83%
to
83%
to
83%
to
83%
to
83%
today,"
83%
today,"
83%
today,
83%
today
83%
today,
83%
today
83%
today
83%
today
83%
Tore
83%
tryin'
83%
tryin'
83%
trying
83%
voice,
83%
voice,
83%
voice,
83%
wait
83%
waste
83%
waste
83%
Window's
83%
Window's
83%
Window's
83%
Window's
83%
Window's
83%
Without
83%
Yeah
83%
yet,
83%
you
83%
you
83%
you
83%
you
83%
Pre-Chorus You
83%
You
83%
You
83%
you
83%
you
83%
your
83%
your
83%
your
83%
aren't
67%
Doesn't
67%
from
67%
mean
67%
Ooh,
67%
ooh
67%
piano
67%
play
67%
run
67%
sorry
67%
take
67%
test
67%
Tore
67%
Tore
67%
Tore
67%
Tore
67%
Tore
67%
tryin'
67%
tryin'
67%
waste
67%
willing
67%
Bridge Yeah,
67%
Yeah,
67%
Outro Yeah
67%
Yeah
67%
yeah,
67%
yeah
67%
yeah
67%
spend
17%
tranform
0%
No matching quizzes found
Score Distribution
Percent of People with Each Score
Percentile by Number Answered
Your Score History
You have not taken this quiz